Online katalóg knižníc regiónu Turca

Hájnikova žena (Record no. 20662)

MARC details
000 -LEADER
fixed length control field 01926cam a2200493 a 4500
001 - CONTROL NUMBER
control field 20662
003 - CONTROL NUMBER IDENTIFIER
control field VRT
005 - DATE AND TIME OF LATEST TRANSACTION
control field 20260128150154.0
008 - FIXED-LENGTH DATA ELEMENTS--GENERAL INFORMATION
fixed length control field 251029s2016 vp g 000 p slo
015 ## - NATIONAL BIBLIOGRAPHY NUMBER
National bibliography number SNBZSA2021/03
020 ## - INTERNATIONAL STANDARD BOOK NUMBER
International Standard Book Number 9788651703167
Qualifying information (brož.)
039 #9 - LEVEL OF BIBLIOGRAPHIC CONTROL AND CODING DETAIL [OBSOLETE]
Level of rules in bibliographic description 202510291317
Level of effort used to assign nonsubject heading access points VLOAD
Level of effort used to assign subject headings 202403182252
Level of effort used to assign classification VLOAD
Level of effort used to assign subject headings 202103161416
Level of effort used to assign classification msnk18
Level of effort used to assign subject headings 202103151757
Level of effort used to assign classification msnk18
040 ## - CATALOGING SOURCE
Original cataloging agency TTKJF
Language of cataloging slo
Transcribing agency TTKJF
Modifying agency SNK
Description conventions AACR2
041 0# - LANGUAGE CODE
Language code of text/sound track or separate title slo
044 ## - COUNTRY OF PUBLISHING/PRODUCING ENTITY CODE
MARC country code rb
ISO country code RS
MARC country code xo
ISO country code SK
072 #7 - SUBJECT CATEGORY CODE
Subject category code 821.162.4-1
Subject category code subdivision Slovenská poézia
Source konspekt
080 ## - UNIVERSAL DECIMAL CLASSIFICATION NUMBER
Universal Decimal Classification number 821.162.4-1
Edition identifier 2011
080 ## - UNIVERSAL DECIMAL CLASSIFICATION NUMBER
Universal Decimal Classification number (0:82-13)
Edition identifier 2011
080 ## - UNIVERSAL DECIMAL CLASSIFICATION NUMBER
Universal Decimal Classification number (082.21)
Edition identifier 2011
100 1# - MAIN ENTRY--PERSONAL NAME
Personal name Hviezdoslav, Pavol Országh,
Dates associated with a name 1849-1921
Relationship aut
245 10 - TITLE STATEMENT
Title Hájnikova žena
Number of part/section of a work II.
Statement of responsibility, etc. Pavol Országh Hviezdoslav
250 ## - EDITION STATEMENT
Edition statement 1. vyd.
260 ## - PUBLICATION, DISTRIBUTION, ETC.
Place of publication, distribution, etc. [Beograd]
Name of publisher, distributor, etc. Liber Novus
Place of publication, distribution, etc. [Bratislava]
Name of publisher, distributor, etc. Ringier Axel Springer Slovakia
Date of publication, distribution, etc. [2016]
300 ## - PHYSICAL DESCRIPTION
Extent 63 s.
Dimensions 21 cm
490 1# - SERIES STATEMENT
Series statement Slovenská klasika
Volume/sequential designation 12
490 1# - SERIES STATEMENT
Series statement Nový čas Knižnica
500 ## - GENERAL NOTE
General note Kniha je vyrobená exkluzívne pre denník Nový čas v rámci projektu Nový čas Knižnica
500 ## - GENERAL NOTE
General note Archaizmy: s. 63
655 #7 - INDEX TERM--GENRE/FORM
Genre/form data or focus term slovenská poézia
Source of term SNKPH
655 #7 - INDEX TERM--GENRE/FORM
Genre/form data or focus term Slovak poetry
Source of term SNKPHeng
655 #7 - INDEX TERM--GENRE/FORM
Genre/form data or focus term epická poézia
Source of term SNKPH
655 #7 - INDEX TERM--GENRE/FORM
Genre/form data or focus term výbery
Source of term SNKPH
655 #7 - INDEX TERM--GENRE/FORM
Genre/form data or focus term Epic poetry
Source of term SNKPHeng
655 #7 - INDEX TERM--GENRE/FORM
Genre/form data or focus term Selections
Source of term SNKPHeng
810 2# - SERIES ADDED ENTRY--CORPORATE NAME
Corporate name or jurisdiction name as entry element Nový čas.
Title of a work Knižnica
830 #0 - SERIES ADDED ENTRY--UNIFORM TITLE
Uniform title Slovenská klasika
942 ## - ADDED ENTRY ELEMENTS (KOHA)
Source of classification or shelving scheme Dewey Decimal Classification
Koha item type Krásna literatúra pre dospelých
Suppress in OPAC No
949 ## - LOCAL PROCESSING INFORMATION (OCLC)
6 3830001116089
a kurukT18/HVIE1-43
b kuruk2016/F7486
o D2016/Ján Culka/3.1.2017dolný index 2
949 ## - LOCAL PROCESSING INFORMATION (OCLC)
6 17A1390013
a snkSC 177748/2
b snk2019/25485
o 1744/19+1 mpl
s 6100:20210729
949 ## - LOCAL PROCESSING INFORMATION (OCLC)
6 17A1390014
a snkSC 177748/2 D1
b snk2019/25487
o 1744/19+1 mpl
949 ## - LOCAL PROCESSING INFORMATION (OCLC)
6 3830001119453
a kurukT18/HVIE1-43
b kuruk2017/F5985
o D2017/SAV/4.10.2017/Venéniovádolný index 2
949 ## - LOCAL PROCESSING INFORMATION (OCLC)
6 270001000531467
a svkbbA 148076-2
b svkbbm 762436
Holdings
Stav vyradenia Strata Poškodenie Spôsob nadobudnutia Domovská knižnica Aktuálna knižnica Dátum nadobudnutia Total checkouts Čiarový kód exemplára Date last seen Typ exemplára
      Dar Obecná knižnica Horná Štubňa Obecná knižnica Horná Štubňa 28.01.2026   9788651703167 28.01.2026 Krásna literatúra pre dospelých
Projekt je podporený Slovenskou asociáciou knižníc
Prevádzkuje Turčianska knižnica Martin 2026